| 000 | 01272cam a22003138a 4500 | ||
|---|---|---|---|
| 090 | _c10519 | ||
| 001 | 14578543 | ||
| 005 | 20061003161111.0 | ||
| 008 | 061002s2007 enk b 001 0 eng | ||
| 010 | _a2006049791 | ||
| 020 | _a9780273706441 | ||
| 020 | _a0273706446 | ||
| 040 |
_aDLC _cDLC |
||
| 050 | 0 | 0 |
_aHG4026 _b.W375 2007 |
| 082 | 0 | 0 |
_a658.15 _222 _bWAT |
| 100 | 1 | _aWatson, Denzil. | |
| 245 | 1 | 0 |
_aCorporate Finance : _bPrinciples & Practice / _cDenzil Watson and Antony Head. |
| 250 | _a4th ed. | ||
| 260 |
_aHarlow, England : _bFT/Pearson Education, _cc2007. |
||
| 263 | _a0612 | ||
| 300 |
_axvii, 506 p.: _bill. some col.; _c24 cm. |
||
| 504 | _aIncludes bibliographical references and index. | ||
| 650 | 0 |
_aCorporations _xFinance. |
|
| 700 | 1 |
_aHead, Antony, _d1953- |
|
| 942 |
_2ddc _cBB |
||
| 999 |
_c10519 _d10519 |
||